[Event "Candidates Tournament"]
[Site "Toronto"]
[Date "2024.04.10"]
[Round "6"]
[White "Nepomniachtchi, Ian"]
[Black "Caruana, Fabiano"]
[Result "1/2-1/2"]
[WhiteElo "2758"]
[BlackElo "2803"]
[PlyCount "81"]
[EventDate "2024.04.04"]
[EventType "tourn"]
[EventRounds "14"]
[EventCountry "CAN"]
[EventCategory "20"]
[SourceTitle "CB17_2024"]
[SourceDate "2024.04.24"]
[SourceVersion "1"]
[SourceVersionDate "2024.04.24"]
[SourceQuality "1"]

1. e4 e5 2. Nf3 Nc6 3. Nc3 Nf6 4. d4 exd4 5. Nxd4 Bb4 6. Nxc6 bxc6 7. Bd3 d5 8. exd5 0-0 9. 0-0 Bg4 10. f3 Bh5 11. Bg5 cxd5 12. Bxf6 Qxf6 13. Nxd5 Qxb2 14. Rb1 Bc5+ 15. Kh1 Qe5 16. Re1 Qd6 17. Ne7+ Kh8 18. Qe2 Bg6 19. Nxg6+ hxg6 20. Qe5 Rab8 21. Qxd6 Bxd6 22. g3 g5 23. Rxb8 Rxb8 24. Re4 a5 25. Rg4 Be7 26. Rd4 Rd8 27. Re4 Bd6 28. Ra4 Ra8 29. Rg4 Be7 30. Rd4 Rd8 31. Ra4 Ra8 32. Be4 Ra7 33. Rd4 c5 34. Rd1 a4 35. Rb1 g6 36. a3 c4 37. Rb7 Rxb7 38. Bxb7 Bxa3 39. Bc6 c3 40. Kg2 Kg7 41. Bxa4 1/2-1/2

[Event "Candidates Tournament"]
[Site "Toronto"]
[Date "2024.04.06"]
[Round "3"]
[White "Gukesh, Dommaraju"]
[Black "Nepomniachtchi, Ian"]
[Result "1/2-1/2"]
[WhiteElo "2743"]
[BlackElo "2758"]
[PlyCount "80"]
[EventDate "2024.04.04"]
[EventType "tourn"]
[EventRounds "14"]
[EventCountry "CAN"]
[EventCategory "20"]
[SourceTitle "CB17_2024"]
[SourceDate "2024.04.24"]
[SourceVersion "1"]
[SourceVersionDate "2024.04.24"]
[SourceQuality "1"]

1. d4 Nf6 2. c4 e6 3. g3 d5 4. Bg2 c5 5. cxd5 Nxd5 6. Nf3 cxd4 7. 0-0 Bc5 8. Nxd4 0-0 9. Nb3 Be7 10. e4 Nb4 11. Nc3 N8c6 12. Be3 Qxd1 13. Raxd1 Ne5 14. a3 Nbc6 15. f4 Nc4 16. Bc1 f6 17. Rfe1 Rb8 18. Bf1 Nd6 19. Nb5 Nxb5 20. Bxb5 Kf7 21. Be3 a6 22. Be2 b5 23. Nc5 Rd8 24. Rxd8 Bxd8 25. Rc1 Bb6 26. Kf2 Bxc5 27. Bxc5 Bb7 28. Ke3 Rd8 29. Bb6 Rd7 30. Rd1 Rxd1 31. Bxd1 g6 32. Bc5 h5 33. b3 Bc8 34. a4 e5 35. axb5 axb5 36. f5 Kg7 37. fxg6 Bg4 38. Bc2 Be6 39. Kd2 b4 40. Bd1 Kxg6 1/2-1/2

[Event "Titled Tuesday intern op 13th Feb Early"]
[Site "Chess.com INT"]
[Date "2024.02.13"]
[Round "8"]
[White "Ohanyan, Emin"]
[Black "Nepomniachtchi, Ian"]
[Result "0-1"]
[WhiteElo "2468"]
[BlackElo "2758"]
[PlyCount "28"]
[EventDate "2024.02.13"]
[EventType "swiss (blitz)"]
[EventRounds "11"]
[EventCountry "USA"]
[SourceTitle "CB08_2024"]
[SourceDate "2024.02.21"]
[SourceVersion "1"]
[SourceVersionDate "2024.02.21"]
[SourceQuality "1"]

1. d4 g6 2. e4 Nf6 3. Nc3 d5 4. e5 Ne4 5. Nxe4 dxe4 6. Bc4 Bg7 7. Ne2 c5 8. e6 Bxe6 9. Bxe6 fxe6 10. dxc5 Qxd1+ 11. Kxd1 Na6 12. Be3 Bxb2 13. Rb1 Be5 14. Rxb7 0-0-0+ 0-1

[Event "Titled Tuesday intern op 13th Feb Early"]
[Site "Chess.com INT"]
[Date "2024.02.13"]
[Round "6"]
[White "Sowinski, Pawel"]
[Black "Nepomniachtchi, Ian"]
[Result "0-1"]
[WhiteElo "2377"]
[BlackElo "2758"]
[PlyCount "52"]
[EventDate "2024.02.13"]
[EventType "swiss (blitz)"]
[EventRounds "11"]
[EventCountry "USA"]
[SourceTitle "CB08_2024"]
[SourceDate "2024.02.21"]
[SourceVersion "1"]
[SourceVersionDate "2024.02.21"]
[SourceQuality "1"]

1. e4 c5 2. c3 e6 3. d4 d5 4. exd5 Qxd5 5. Nf3 Nf6 6. Na3 Qd8 7. Nc4 Nc6 8. Be3 Nd5 9. Bg5 f6 10. Bh4 Be7 11. Bg3 cxd4 12. Nxd4 e5 13. Nc2 Be6 14. Be2 0-0 15. 0-0 Qe8 16. h3 Rd8 17. Qe1 Qg6 18. Rd1 Qxc2 19. Bd3 Qa4 20. b3 Qxa2 21. b4 Ndxb4 22. cxb4 Bxc4 23. Rd2 Qb3 24. Bc2 Qxb4 25. Rxd8 Bxd8 26. Qe4 f5 0-1

[Event "Titled Tuesday intern op 06th Feb Early"]
[Site "Chess.com INT"]
[Date "2024.02.06"]
[Round "1"]
[White "Jaiveer, Mahendru"]
[Black "Nepomniachtchi, Ian"]
[Result "1-0"]
[WhiteElo "2294"]
[BlackElo "2758"]
[PlyCount "81"]
[EventDate "2024.02.06"]
[EventType "swiss (blitz)"]
[EventRounds "11"]
[EventCountry "USA"]
[SourceTitle "CB07_2024"]
[SourceDate "2024.02.14"]
[SourceVersion "1"]
[SourceVersionDate "2024.02.14"]
[SourceQuality "1"]

1. e4 c5 2. Nf3 d6 3. d4 cxd4 4. Nxd4 Nf6 5. Nc3 a6 6. Be3 Ng4 7. Bg5 h6 8. Bh4 g5 9. Bg3 Bg7 10. h3 Ne5 11. Qd2 Nbc6 12. 0-0-0 Nxd4 13. Qxd4 Be6 14. Nd5 Rc8 15. Kb1 0-0 16. c3 b5 17. Qe3 Nc4 18. Bxc4 Rxc4 19. h4 g4 20. e5 Bxd5 21. Rxd5 b4 22. cxb4 Rxb4 23. b3 Qa8 24. Qd2 Rfb8 25. Rc1 Qb7 26. Rc3 a5 27. Rxa5 Qxg2 28. Rd5 Re4 29. Kb2 Qf1 30. Rc2 Re1 31. Ra5 Rd1 32. Qc3 dxe5 33. Ka3 Rdd8 34. Qc7 Ra8 35. Bxe5 Rxa5+ 36. Qxa5 Qd3 37. Bxg7 Kxg7 38. Qe5+ Kg8 39. Rc4 Qd2 40. Rxg4+ Kf8 41. Qh8# 1-0

[Event "Titled Tuesday intern op 06th Feb Late"]
[Site "Chess.com INT"]
[Date "2024.02.06"]
[Round "4"]
[White "Nepomniachtchi, Ian"]
[Black "Janaszak, Dawid"]
[Result "0-1"]
[WhiteElo "2758"]
[BlackElo "2308"]
[PlyCount "82"]
[EventDate "2024.02.06"]
[EventType "swiss (blitz)"]
[EventRounds "11"]
[EventCountry "USA"]
[SourceTitle "CB07_2024"]
[SourceDate "2024.02.14"]
[SourceVersion "1"]
[SourceVersionDate "2024.02.14"]
[SourceQuality "1"]

1. e4 c5 2. Nf3 Nc6 3. Bb5 e5 4. 0-0 Nge7 5. c3 g6 6. d4 cxd4 7. cxd4 exd4 8. Nxd4 Bg7 9. Be3 0-0 10. Nc3 d5 11. exd5 Nxd5 12. Nxc6 bxc6 13. Nxd5 cxb5 14. Bc5 Re8 15. Ne7+ Kh8 16. Qf3 Be6 17. Rad1 Qc7 18. b4 a5 19. a3 axb4 20. axb4 h5 21. h3 Ra2 22. Nc6 Bc4 23. Rfe1 Ree2 24. Be3 Rxe1+ 25. Rxe1 Kh7 26. Bd4 Bxd4 27. Nxd4 Qd6 28. Qc3 Qf6 29. Qe3 Qd6 30. Nf3 Kg7 31. Ng5 Qf6 32. Ne4 Qe5 33. f4 Qb2 34. Qg3 Qd4+ 35. Kh2 Bd5 36. Qc3 Qxc3 37. Nxc3 Rxg2+ 38. Kh1 Re2+ 39. Nxd5 Rxe1+ 40. Kg2 Rb1 41. Kf3 Rb3+ 0-1

[Event "Titled Tuesday intern op 06th Feb Late"]
[Site "Chess.com INT"]
[Date "2024.02.06"]
[Round "10"]
[White "Nepomniachtchi, Ian"]
[Black "Mendes, Aaron Reeve"]
[Result "1-0"]
[WhiteElo "2758"]
[BlackElo "2309"]
[PlyCount "95"]
[EventDate "2024.02.06"]
[EventType "swiss (blitz)"]
[EventRounds "11"]
[EventCountry "USA"]
[SourceTitle "CB07_2024"]
[SourceDate "2024.02.14"]
[SourceVersion "1"]
[SourceVersionDate "2024.02.14"]
[SourceQuality "1"]

1. e4 c5 2. b4 cxb4 3. a3 bxa3 4. d4 e6 5. Nf3 d5 6. e5 Nc6 7. c3 a6 8. Bxa3 Bxa3 9. Nxa3 Rb8 10. Bd3 b5 11. Nc2 Bb7 12. Ne3 Nge7 13. 0-0 h6 14. Ng4 Qc7 15. Qd2 Na5 16. Rfb1 Nc4 17. Qf4 h5 18. Ne3 Nxe3 19. Qxe3 g6 20. Ng5 Nf5 21. Bxf5 gxf5 22. Nh3 Qe7 23. Nf4 h4 24. h3 Kd7 25. Nd3 Rhc8 26. Nc5+ Rxc5 27. dxc5 Kc6 28. c4 dxc4 29. Rd1 Rd8 30. Rd6+ Rxd6 31. cxd6 Qd8 32. Rd1 Qd7 33. Rd4 a5 34. Rxh4 a4 35. Rh8 b4 36. Qa7 a3 37. Qa4+ Kc5 38. Qxd7 a2 39. Qa4 b3 40. d7 Bc6 41. Qa3+ Kd4 42. d8Q+ Kc3 43. Qc1+ Kb4 44. Qd6+ Kb5 45. Rb8+ Ka6 46. Qb2 Ka7 47. Qba3+ Ba4 48. Qxa4# 1-0

[Event "Titled Tuesday intern op 06th Feb Late"]
[Site "Chess.com INT"]
[Date "2024.02.06"]
[Round "5"]
[White "Tan, Ralph"]
[Black "Nepomniachtchi, Ian"]
[Result "0-1"]
[WhiteElo "2004"]
[BlackElo "2758"]
[PlyCount "62"]
[EventDate "2024.02.06"]
[EventType "swiss (blitz)"]
[EventRounds "11"]
[EventCountry "USA"]
[SourceTitle "CB07_2024"]
[SourceDate "2024.02.14"]
[SourceVersion "1"]
[SourceVersionDate "2024.02.14"]
[SourceQuality "1"]

1. Nf3 g6 2. g3 Bg7 3. d4 d5 4. Bg2 c6 5. 0-0 Nf6 6. c4 dxc4 7. a4 h6 8. Na3 Be6 9. Ne5 0-0 10. Naxc4 Na6 11. e4 Nb4 12. Be3 a5 13. Rc1 Kh7 14. Qe2 Bxc4 15. Qxc4 e6 16. Rfd1 Nd7 17. Nxd7 Qxd7 18. d5 exd5 19. exd5 cxd5 20. Bxd5 Bxb2 21. Rb1 Bg7 22. Bg2 Qxa4 23. Bxb7 Rab8 24. Bg2 Rbc8 25. Qf4 Qb5 26. h4 h5 27. g4 Rc4 28. Qf3 Rxg4 29. Bg5 Qc5 30. Kh2 Nc2 31. Bh3 Qe5+ 0-1

[Event "Chessable Play In Match D1"]
[Site "Chess.com INT"]
[Date "2024.02.01"]
[Round "2.3"]
[White "Nepomniachtchi, Ian"]
[Black "Mamedov, Rauf"]
[Result "0-1"]
[WhiteElo "2758"]
[BlackElo "2651"]
[PlyCount "78"]
[EventDate "2024.02.01"]
[EventType "k.o. (rapid)"]
[EventRounds "2"]
[EventCountry "USA"]
[SourceTitle "CB06_2024"]
[SourceDate "2024.02.07"]
[SourceVersion "1"]
[SourceVersionDate "2024.02.07"]
[SourceQuality "1"]

1. e4 c5 2. Nf3 Nc6 3. Bb5 Nf6 4. Nc3 Qc7 5. 0-0 Nd4 6. Re1 a6 7. Bf1 d6 8. Nxd4 cxd4 9. Nd5 Nxd5 10. exd5 g6 11. d3 Bg7 12. Bg5 e5 13. dxe6 Bxe6 14. g3 0-0 15. Bg2 Rac8 16. Rc1 Qb6 17. b3 Rc5 18. Bf4 Rfc8 19. Qd2 Qc7 20. Qb4 b5 21. Re2 g5 22. Bd2 Rxc2 23. Rce1 Rxa2 24. Bxg5 Rxe2 25. Rxe2 Qc3 26. Qa3 Qc5 27. Qxc5 Rxc5 28. h4 a5 29. Be7 Rc3 30. Bxd6 Rxd3 31. Bc7 a4 32. bxa4 bxa4 33. Bh3 a3 34. Bxe6 fxe6 35. Kg2 Rb3 36. Rxe6 d3 37. Re8+ Kf7 38. Rd8 a2 39. Rd7+ Ke8 0-1

[Event "Tata Steel-A 86th"]
[Site "Wijk aan Zee"]
[Date "2024.01.28"]
[Round "13"]
[White "Nepomniachtchi, Ian"]
[Black "Van Foreest, Jorden"]
[Result "1/2-1/2"]
[WhiteElo "2769"]
[BlackElo "2682"]
[PlyCount "61"]
[EventDate "2024.01.13"]
[EventType "tourn"]
[EventRounds "13"]
[EventCountry "NED"]
[EventCategory "19"]
[SourceTitle "CB05_2024"]
[SourceDate "2024.01.31"]
[SourceVersion "1"]
[SourceVersionDate "2024.01.31"]
[SourceQuality "1"]

1. e4 e5 2. Nf3 Nc6 3. Bc4 Nf6 4. d3 Be7 5. 0-0 0-0 6. Re1 d6 7. a4 Na5 8. Ba2 c5 9. Bg5 Nc6 10. Bxf6 Bxf6 11. Nc3 Be6 12. Nd5 g6 13. c3 Kg7 14. Qd2 h6 15. b4 cxb4 16. Nxb4 Nxb4 17. cxb4 Bg4 18. Qe2 Bg5 19. Bd5 Qf6 20. b5 Rab8 21. Ra2 Rfc8 22. h3 Bxf3 23. Qxf3 Qxf3 24. gxf3 Rc5 25. Rb1 Bd8 26. Rd1 Ba5 27. d4 Rc3 28. Kg2 h5 29. dxe5 dxe5 30. Rdd2 Rc7 31. Rd3 1/2-1/2

[Event "Tata Steel-A 86th"]
[Site "Wijk aan Zee"]
[Date "2024.01.23"]
[Round "9"]
[White "Wei, Yi"]
[Black "Nepomniachtchi, Ian"]
[Result "1-0"]
[WhiteElo "2740"]
[BlackElo "2769"]
[PlyCount "81"]
[EventDate "2024.01.13"]
[EventType "tourn"]
[EventRounds "13"]
[EventCountry "NED"]
[EventCategory "19"]
[SourceTitle "CB05_2024"]
[SourceDate "2024.01.31"]
[SourceVersion "1"]
[SourceVersionDate "2024.01.31"]
[SourceQuality "1"]

1. e4 e5 2. Bc4 Nf6 3. d3 c6 4. Nf3 d5 5. Bb3 Bb4+ 6. Bd2 Bxd2+ 7. Nbxd2 a5 8. a4 Nbd7 9. 0-0 0-0 10. Re1 Re8 11. exd5 cxd5 12. Nb1 b6 13. Nc3 Bb7 14. Nb5 Qb8 15. d4 e4 16. Nd2 Bc6 17. c4 Bxb5 18. axb5 Qf4 19. g3 Qf5 20. cxd5 Rad8 21. f3 exf3 22. Qxf3 Qg5 23. Nc4 h5 24. d6 Kf8 25. Re7 Rxe7 26. dxe7+ Kxe7 27. Re1+ Kf8 28. Nd6 Qd2 29. Qc3 Qxc3 30. bxc3 g6 31. h3 a4 32. Ba2 a3 33. Kg2 Ra8 34. Kf3 Ra5 35. Kf4 Ra8 36. Kg5 Rd8 37. Bxf7 Nb8 38. Kxf6 Rxd6+ 39. Be6 Nd7+ 40. Kxg6 Ne5+ 41. Kf6 1-0

[Event "Tata Steel-A 86th"]
[Site "Wijk aan Zee"]
[Date "2024.01.21"]
[Round "8"]
[White "Nepomniachtchi, Ian"]
[Black "Abdusattorov, Nodirbek"]
[Result "1-0"]
[WhiteElo "2769"]
[BlackElo "2727"]
[PlyCount "129"]
[EventDate "2024.01.13"]
[EventType "tourn"]
[EventRounds "13"]
[EventCountry "NED"]
[EventCategory "19"]
[SourceTitle "CB05_2024"]
[SourceDate "2024.01.31"]
[SourceVersion "1"]
[SourceVersionDate "2024.01.31"]
[SourceQuality "1"]

1. e4 e5 2. Nf3 Nc6 3. Bc4 Nf6 4. d3 Be7 5. 0-0 0-0 6. Re1 d6 7. a4 Be6 8. a5 Bxc4 9. dxc4 b6 10. Bd2 Nxa5 11. Bxa5 bxa5 12. Rxa5 c6 13. Ra2 Qc7 14. Nc3 a5 15. Qe2 Nd7 16. b3 Nc5 17. Na4 Ne6 18. c5 dxc5 19. Nb2 Nd4 20. Qd3 Qb8 21. Rea1 Rd8 22. g3 Qb4 23. Nc4 Nb5 24. Qe3 Qc3 25. Nfxe5 Rac8 26. Qxc3 Nxc3 27. Rxa5 Nxe4 28. Nb6 Rc7 29. Ra8 f6 30. Rxd8+ Bxd8 31. Ra8 fxe5 32. Rxd8+ Kf7 33. Nc4 Ke6 34. Kg2 Nf6 35. Kf3 e4+ 36. Kf4 Ke7 37. Rd6 Rc8 38. h3 Ne8 39. Rd1 Nf6 40. Rd6 Ne8 41. Rd2 Nf6 42. Nd6 Ra8 43. Nxe4 Nd5+ 44. Ke5 c4 45. bxc4 Nb6 46. Re2 Nxc4+ 47. Kd4 Na3 48. c4 Rb8 49. Ra2 Ra8 50. Rb2 Ke6 51. Kc3 Ke5 52. Nd2 Ra7 53. Rb3 Ke6 54. Nf1 Kd6 55. Nd2 Ke6 56. h4 Kf5 57. f3 h6 58. Rb6 Re7 59. Ne4 g5 60. hxg5 hxg5 61. Rxc6 g4 62. Nd6+ Kf6 63. Nc8+ Re6 64. Rxe6+ Kxe6 65. f4 1-0

[Event "Tata Steel-A 86th"]
[Site "Wijk aan Zee"]
[Date "2024.01.19"]
[Round "6"]
[White "Nepomniachtchi, Ian"]
[Black "Praggnanandhaa, Rameshbabu"]
[Result "1/2-1/2"]
[WhiteElo "2769"]
[BlackElo "2743"]
[PlyCount "87"]
[EventDate "2024.01.13"]
[EventType "tourn"]
[EventRounds "13"]
[EventCountry "NED"]
[EventCategory "19"]
[SourceTitle "CB05_2024"]
[SourceDate "2024.01.31"]
[SourceVersion "1"]
[SourceVersionDate "2024.01.31"]
[SourceQuality "1"]

1. Nf3 Nf6 2. g3 c5 3. Bg2 Nc6 4. c4 d5 5. cxd5 Nxd5 6. Nc3 Nc7 7. a3 g6 8. h4 Bg4 9. Na4 b6 10. h5 Bg7 11. h6 Bd4 12. Nh2 Bd7 13. e3 Bf6 14. Ng4 Bxg4 15. Qxg4 Ne5 16. Qe4 Qd7 17. 0-0 Rd8 18. Nc3 0-0 19. b4 Nd3 20. Rb1 Bg5 21. bxc5 Nxc5 22. Qc4 Nd3 23. a4 Bxh6 24. Ba3 Bg7 25. a5 Rc8 26. axb6 axb6 27. Bxe7 Qxe7 28. Qxd3 Rfd8 29. Qe4 Qa3 30. Ra1 Qc5 31. Na4 Qd6 32. d4 Nb5 33. Rab1 Nxd4 34. exd4 Bxd4 35. Kh1 Qf6 36. Qf3 Qxf3 37. Bxf3 Rc2 38. Kg2 Ra2 39. Bd1 Rd2 40. Bf3 Rc8 41. Nxb6 Rcc2 42. Be4 Rxf2+ 43. Rxf2 Rxf2+ 44. Kh1 1/2-1/2

[Event "Tata Steel-A 86th"]
[Site "Wijk aan Zee"]
[Date "2024.01.13"]
[Round "1"]
[White "Warmerdam, Max"]
[Black "Nepomniachtchi, Ian"]
[Result "0-1"]
[WhiteElo "2625"]
[BlackElo "2769"]
[PlyCount "58"]
[EventDate "2024.01.13"]
[EventType "tourn"]
[EventRounds "13"]
[EventCountry "NED"]
[EventCategory "19"]
[SourceTitle "CB05_2024"]
[SourceDate "2024.01.31"]
[SourceVersion "1"]
[SourceVersionDate "2024.01.31"]
[SourceQuality "1"]

1. d4 Nf6 2. c4 e6 3. Nf3 d5 4. Nc3 dxc4 5. e4 b5 6. e5 Nd5 7. Nxb5 Nb6 8. Be2 Nc6 9. Be3 Be7 10. Nc3 Bb7 11. a3 Na5 12. Qc2 Qd7 13. Rd1 f5 14. exf6 gxf6 15. Ne4 Qa4 16. Qb1 0-0-0 17. Nc5 Bxc5 18. dxc5 Nd5 19. 0-0 Rdg8 20. g3 h5 21. Rd4 Qc6 22. Rh4 Nxe3 23. fxe3 Rg4 24. Qc1 Rxh4 25. gxh4 Nb3 26. Qc3 Nxc5 27. Qxf6 Rg8+ 28. Kh1 Qe4 29. Rg1 Rd8 0-1

[Event "Titled Tuesday intern op 09th Jan Early"]
[Site "Chess.com INT"]
[Date "2024.01.09"]
[Round "7"]
[White "Chigaev, Maksim"]
[Black "Nepomniachtchi, Ian"]
[Result "0-1"]
[WhiteElo "2622"]
[BlackElo "2769"]
[PlyCount "48"]
[EventDate "2024.01.09"]
[EventType "swiss (blitz)"]
[EventRounds "11"]
[EventCountry "USA"]
[SourceTitle "CB03_2024"]
[SourceDate "2024.01.17"]
[SourceVersion "1"]
[SourceVersionDate "2024.01.17"]
[SourceQuality "1"]

1. c4 e5 2. Nc3 Nf6 3. Nf3 Nc6 4. g3 d5 5. cxd5 Nxd5 6. Bg2 Bc5 7. Qc2 Ndb4 8. Qb1 0-0 9. a3 Nd5 10. Nxd5 Qxd5 11. Ng5 e4 12. Nxe4 Qh5 13. Nxc5 Nd4 14. Qe4 Qxc5 15. 0-0 Bf5 16. Qxb7 Nxe2+ 17. Kh1 Bd3 18. b4 Qd4 19. Qd5 Qxa1 20. Qxd3 Nxc1 21. Qc2 Rad8 22. Rxc1 Qxa3 23. b5 Qb4 24. d3 Qxb5 0-1

[Event "Titled Tuesday intern op 09th Jan Early"]
[Site "Chess.com INT"]
[Date "2024.01.09"]
[Round "8"]
[White "Nepomniachtchi, Ian"]
[Black "Giri, Anish"]
[Result "1/2-1/2"]
[WhiteElo "2769"]
[BlackElo "2749"]
[PlyCount "94"]
[EventDate "2024.01.09"]
[EventType "swiss (blitz)"]
[EventRounds "11"]
[EventCountry "USA"]
[SourceTitle "CB03_2024"]
[SourceDate "2024.01.17"]
[SourceVersion "1"]
[SourceVersionDate "2024.01.17"]
[SourceQuality "1"]

1. e4 e5 2. f4 exf4 3. Nf3 Nf6 4. e5 Nh5 5. d4 d5 6. c4 Bb4+ 7. Nc3 0-0 8. cxd5 Qxd5 9. Be2 b6 10. 0-0 Bxc3 11. bxc3 Ba6 12. Bxa6 Nxa6 13. Ng5 g6 14. Bxf4 f6 15. Nh3 fxe5 16. Bxe5 c5 17. Qd2 cxd4 18. cxd4 Nc5 19. g4 Nd7 20. Qe3 Nxe5 21. dxe5 Ng7 22. Nf4 Qc5 23. Qxc5 bxc5 24. Nd5 Ne6 25. Rf6 Rxf6 26. exf6 Rd8 27. Re1 Kf7 28. Re5 c4 29. g5 h6 30. h4 hxg5 31. hxg5 Rh8 32. Nc7 Nxc7 33. Re7+ Kf8 34. Rxc7 Rh5 35. Rc5 c3 36. Kf2 c2 37. Ke3 Rxg5 38. Rxc2 Ra5 39. Rc7 Rxa2 40. Kf4 Ra5 41. Kg4 Rf5 42. Rxa7 Rxf6 43. Rb7 Re6 44. Ra7 Kg8 45. Rb7 Kf8 46. Ra7 Kg8 47. Rb7 Kf8 1/2-1/2

[Event "Titled Tuesday intern op 09th Jan Early"]
[Site "Chess.com INT"]
[Date "2024.01.09"]
[Round "4"]
[White "Nepomniachtchi, Ian"]
[Black "Popov, Konstantin"]
[Result "1-0"]
[WhiteElo "2769"]
[BlackElo "2364"]
[PlyCount "89"]
[EventDate "2024.01.09"]
[EventType "swiss (blitz)"]
[EventRounds "11"]
[EventCountry "USA"]
[SourceTitle "CB03_2024"]
[SourceDate "2024.01.17"]
[SourceVersion "1"]
[SourceVersionDate "2024.01.17"]
[SourceQuality "1"]

1. e4 c5 2. Nf3 d6 3. d4 Nf6 4. Nc3 cxd4 5. Nxd4 a6 6. Be2 e5 7. Nf3 Be7 8. Bg5 Be6 9. Bxf6 Bxf6 10. Qd2 Be7 11. h4 h6 12. 0-0-0 Nd7 13. Nd5 Nb6 14. Nxe7 Kxe7 15. Nxe5 Qc7 16. Nf3 Rhc8 17. Kb1 Na4 18. Nd4 Qb6 19. Nb3 Qxf2 20. Qxd6+ Ke8 21. Bd3 Qb6 22. Qe5 Kf8 23. g4 Qc7 24. Qd4 Nc5 25. g5 h5 26. Nxc5 Qxc5 27. Qxc5+ Rxc5 28. b3 b5 29. Kb2 Ke7 30. Ra1 a5 31. a3 a4 32. b4 Re5 33. Kc3 Rc8+ 34. Kd4 Kd6 35. Rac1 Bc4 36. Rhf1 Re7 37. Rf5 Rec7 38. Rcf1 Ke6 39. Re5+ Kd6 40. Rff5 Be6 41. Rxb5 Bxf5 42. exf5 Rc3 43. Rb7 Rxa3 44. Bb5 Rc6 45. c4 1-0

[Event "Wch Blitz"]
[Site "Samarkand"]
[Date "2023.12.30"]
[Round "21"]
[White "Daneshvar, Bardiya"]
[Black "Nepomniachtchi, Ian"]
[Result "1/2-1/2"]
[WhiteElo "2591"]
[BlackElo "2771"]
[PlyCount "208"]
[EventDate "2023.12.29"]
[EventType "swiss (blitz)"]
[EventRounds "21"]
[EventCountry "UZB"]
[SourceTitle "CB01_2024"]
[SourceDate "2024.01.03"]
[SourceVersion "1"]
[SourceVersionDate "2024.01.03"]
[SourceQuality "1"]

1. Nf3 Nf6 2. g3 d5 3. Bg2 e6 4. 0-0 Be7 5. d4 0-0 6. Nbd2 c5 7. dxc5 Bxc5 8. c4 Nc6 9. e3 a6 10. a3 Be7 11. b4 b6 12. Bb2 Bb7 13. Rc1 Rc8 14. Qe2 Qc7 15. cxd5 Nxd5 16. Nc4 b5 17. Na5 Qb8 18. Nxb7 Qxb7 19. Nd2 Qb8 20. Nb3 Ne5 21. Na5 Bf6 22. Rfd1 Nb6 23. Rxc8 Nxc8 24. Bb7 Nd6 25. Bg2 Ndc4 26. Bxe5 Nxe5 27. Nc6 Nxc6 28. Bxc6 Rc8 29. Be4 g6 30. Qf3 Qe5 31. Bb7 Rc3 32. Bxa6 Rxa3 33. Bxb5 Rb3 34. Qf4 Qxf4 35. exf4 Rxb4 36. Bf1 Bd4 37. Rd2 Kg7 38. Kg2 h6 39. Rc2 Rb7 40. Rd2 Ba7 41. Ra2 g5 42. fxg5 hxg5 43. Ra4 Rd7 44. Be2 Bb6 45. h4 Rd2 46. Kf1 gxh4 47. Rxh4 Rb2 48. Rc4 Kf6 49. Rc3 Ke7 50. Rd3 f5 51. f4 Bc5 52. Rc3 Bd4 53. Rd3 Bb6 54. Bd1 Rf2+ 55. Ke1 Rh2 56. Kf1 Rf2+ 57. Ke1 Rb2 58. Kf1 Bc5 59. Be2 Kf6 60. Bd1 Rf2+ 61. Ke1 Rh2 62. Kf1 Rb2 63. Rc3 Ba7 64. Rc2 Rb1 65. Rd2 Ra1 66. Kg2 Ra3 67. Re2 Bd4 68. Bc2 e5 69. fxe5+ Bxe5 70. Rf2 Rxg3+ 71. Kf1 f4 72. Bd1 Ra3 73. Rf3 Ra1 74. Ke2 Ra2+ 75. Kf1 Kf5 76. Be2 Ra1+ 77. Kg2 Bd4 78. Bd3+ Kg4 79. Be2 Kg5 80. Rd3 Ra4 81. Kf3 Kf5 82. Bd1 Rb4 83. Bb3 Ke5 84. Ke2 Rb6 85. Rh3 Kf5 86. Bc2+ Kg4 87. Rd3 Re6+ 88. Kf1 Be3 89. Rd5 Rc6 90. Bd1+ f3 91. Rd3 Kf4 92. Rd8 Rc1 93. Ke1 Kg4 94. Rg8+ Bg5 95. Rd8 Ra1 96. Kf2 Ra2+ 97. Kf1 Bh4 98. Rd3 Rf2+ 99. Kg1 Rg2+ 100. Kf1 Rf2+ 101. Kg1 Re2 102. Bxe2 fxe2 103. Re3 e1R+ 104. Rxe1 Bxe1 1/2-1/2

[Event "Wch Blitz"]
[Site "Samarkand"]
[Date "2023.12.30"]
[Round "13"]
[White "Murzin, Volodar"]
[Black "Nepomniachtchi, Ian"]
[Result "1/2-1/2"]
[WhiteElo "2627"]
[BlackElo "2771"]
[PlyCount "90"]
[EventDate "2023.12.29"]
[EventType "swiss (blitz)"]
[EventRounds "21"]
[EventCountry "UZB"]
[SourceTitle "CB01_2024"]
[SourceDate "2024.01.03"]
[SourceVersion "1"]
[SourceVersionDate "2024.01.03"]
[SourceQuality "1"]

1. d4 Nf6 2. Nc3 d5 3. Bf4 c5 4. e3 cxd4 5. exd4 a6 6. Nf3 Nc6 7. Ne5 e6 8. Nxc6 bxc6 9. Na4 Bd6 10. Bxd6 Qxd6 11. Bd3 0-0 12. 0-0 a5 13. Re1 Ba6 14. c3 Bxd3 15. Qxd3 Ne4 16. Qe3 Rab8 17. Rac1 Rfc8 18. c4 Qb4 19. b3 Nd6 20. Nc5 Ra8 21. Qe5 Rd8 22. cxd5 cxd5 23. h4 h6 24. h5 Qd2 25. Red1 Qxa2 26. Rd3 Qb2 27. Re1 Qc2 28. Re2 Qc1+ 29. Re1 Qg5 30. Qxg5 hxg5 31. Re5 Nf5 32. g4 Ne7 33. Kg2 Rab8 34. Kg3 Rb4 35. Rxg5 Nc6 36. h6 g6 37. Nxe6 fxe6 38. Rxg6+ Kh7 39. Rxe6 Nxd4 40. Ra6 Ne2+ 41. Kf3 Nf4 42. Re3 Rd7 43. Kg3 Rf7 44. f3 Ng6 45. Ree6 Nf8 1/2-1/2

[Event "Wch Blitz"]
[Site "Samarkand"]
[Date "2023.12.29"]
[Round "9"]
[White "Artemiev, Vladislav"]
[Black "Nepomniachtchi, Ian"]
[Result "1/2-1/2"]
[WhiteElo "2711"]
[BlackElo "2771"]
[PlyCount "75"]
[EventDate "2023.12.29"]
[EventType "swiss (blitz)"]
[EventRounds "21"]
[EventCountry "UZB"]
[SourceTitle "CB01_2024"]
[SourceDate "2024.01.03"]
[SourceVersion "1"]
[SourceVersionDate "2024.01.03"]
[SourceQuality "1"]

1. d4 Nf6 2. c4 e6 3. Nf3 d5 4. Nc3 c5 5. e3 Nc6 6. cxd5 exd5 7. Bb5 cxd4 8. Nxd4 Bd7 9. Nf3 Be6 10. Qa4 Qc7 11. 0-0 Bd6 12. Be2 Qe7 13. Nb5 Bc5 14. b3 0-0 15. Ba3 b6 16. Nfd4 Nxd4 17. exd4 Bxa3 18. Qxa3 Qxa3 19. Nxa3 Rfc8 20. Ba6 Rd8 21. Rac1 Ne8 22. Nb5 Kf8 23. f3 Bc8 24. Bxc8 Rdxc8 25. Kf2 Ke7 26. Ke3 Nd6 27. Nc7 Nc4+ 28. Rxc4 dxc4 29. Nxa8 cxb3 30. Nxb6 axb6 31. axb3 Rc3+ 32. Ke4 Rxb3 33. Ra1 Rb2 34. Ra7+ Kf6 35. Rb7 Rxg2 36. Rxb6+ Ke7 37. Rb7+ Kf6 38. Rb6+ 1/2-1/2